[Event "Madrid-ch Previa-B"]
[Site "Madrid"]
[Date "2025.03.01"]
[Round "9.16"]
[White "Huerta Marroquin, Borja"]
[Black "Castro Contreras, Bruno"]
[Result "0-1"]
[WhiteElo "1596"]
[BlackElo "1731"]
[PlyCount "35"]
[GameId "2150690366918773"]
[EventDate "2025.01.30"]
[EventType "swiss"]
[EventRounds "9"]
[EventCountry "ESP"]

1. d4 Nf6 2. Bf4 d5 3. e3 e6 4. Nf3 Bd6 5. Ne5 O-O 6. Nd2 c5 7. c3 Nc6 8. Bd3 Qc7 9. Ndf3 h6 10. g4 cxd4 11. exd4 Nd7 12. Bxh6 gxh6 13. Qd2 Ndxe5 14. dxe5 Nxe5 15. Nxe5 Bxe5 16. Qxh6 f6 17. f4 Bxf4 18. Qh5 0-1

[Event "Madrid-ch Previa-B"]
[Site "Madrid"]
[Date "2025.03.01"]
[Round "9.17"]
[White "Jolani, Parnian"]
[Black "Pareja Cerrato, Antonio"]
[Result "1-0"]
[WhiteElo "1847"]
[BlackElo "1624"]
[PlyCount "95"]
[GameId "2155509535129841"]
[EventDate "2025.01.30"]
[EventType "swiss"]
[EventRounds "9"]
[EventCountry "ESP"]

1. Nf3 Nf6 2. c4 e6 3. Nc3 Nc6 4. d4 d5 5. Bg5 Be7 6. e3 h6 7. Bh4 O-O 8. Bd3 Nb4 9. Be2 dxc4 10. Bxc4 Nfd5 11. Bg3 Nxc3 12. bxc3 Nd5 13. Qd3 a5 14. a4 Nxc3 15. e4 Bd7 16. Bb3 Qe8 17. O-O Nxa4 18. Bxc7 Bb5 19. Bc4 Bxc4 20. Qxc4 b5 21. Qb3 Bb4 22. Rfc1 Qe7 23. Qd3 Rfc8 24. Bf4 Nc3 25. Bd2 Na4 26. Qxb5 Bxd2 27. Nxd2 Nc3 28. Qd3 Qb4 29. d5 exd5 30. exd5 Rc5 31. d6 Rd8 32. Nf3 Qb2 33. Kh1 Ne2 34. Rcb1 Nf4 35. Qe3 Qc3 36. Qxf4 a4 37. Rc1 Qb2 38. Rcb1 Qxf2 39. Rf1 Qe2 40. Nd4 Qc4 41. Rac1 Qd5 42. Rxc5 Qxc5 43. Qxf7+ Kh8 44. Ne6 Qc3 45. Nxd8 a3 46. Qe8+ Kh7 47. Qe4+ Kg8 48. Ne6 1-0

[Event "Madrid-ch Previa-B"]
[Site "Madrid"]
[Date "2025.03.01"]
[Round "9.18"]
[White "Alberca Sanchez, Jose Miguel"]
[Black "De Juan Huarte, Federico"]
[Result "1-0"]
[WhiteElo "1572"]
[BlackElo "1636"]
[PlyCount "91"]
[GameId "2155510825320703"]
[EventDate "2025.01.30"]
[EventType "swiss"]
[EventRounds "9"]
[EventCountry "ESP"]

1. d4 d6 2. Bf4 g6 3. e4 Nf6 4. Nc3 Bg7 5. Qd2 Ng4 6. f3 e5 7. dxe5 Nxe5 8. O-O-O Be6 9. Bxe5 Bxe5 10. f4 Bg7 11. e5 Bf8 12. exd6 Qxd6 13. Qe3 Qe7 14. Qd4 Rg8 15. Nf3 Bg7 16. Ne5 c6 17. Bc4 Nd7 18. Bxe6 fxe6 19. Qxd7+ Qxd7 20. Nxd7 Rd8 21. Ne5 Ke7 22. Rxd8 Rxd8 23. Rd1 Rd6 24. Ne4 Rd5 25. Rxd5 cxd5 26. Nc5 b6 27. Ncd3 Kd6 28. Kd2 d4 29. c4 a6 30. b4 Bf6 31. Ke2 Kc7 32. Kf3 Be7 33. Ke4 a5 34. a3 b5 35. c5 a4 36. Kxd4 Bd8 37. Nf7 Bf6+ 38. Nde5 h5 39. g3 h4 40. Ng5 hxg3 41. hxg3 Kd8 42. Nxe6+ Ke7 43. Nc7 g5 44. Nxb5 gxf4 45. gxf4 Ke6 46. c6 1-0

[Event "Madrid-ch Previa-B"]
[Site "Madrid"]
[Date "2025.03.01"]
[Round "9.20"]
[White "Palomo Fernandez, Lorenzo"]
[Black "Duran Rodriguez, Adriana"]
[Result "1-0"]
[WhiteElo "1650"]
[BlackElo "1494"]
[PlyCount "53"]
[GameId "2150696537194770"]
[EventDate "2025.01.30"]
[EventType "swiss"]
[EventRounds "9"]
[EventCountry "ESP"]

1. e4 e5 2. Nf3 Nc6 3. Bc4 Bc5 4. c3 Nf6 5. d3 O-O 6. Nbd2 d6 7. h3 a6 8. Bb3 Be6 9. O-O b5 10. a4 Qe7 11. Re1 Bb6 12. Nf1 Bxb3 13. Qxb3 Na5 14. Qd1 c6 15. Be3 Nd7 16. Ng3 Bxe3 17. Rxe3 Nc5 18. b4 Nxa4 19. bxa5 Nxc3 20. Qb3 Na4 21. Nf5 Qc7 22. Rc1 Nc5 23. Qc3 Rab8 24. Nxe5 b4 25. Qa1 Nb3 26. Nxc6 Qxc6 27. Qxg7# 1-0

[Event "Madrid-ch Previa-B"]
[Site "Madrid"]
[Date "2025.03.01"]
[Round "9.23"]
[White "Gomez Lorenzo, Alvaro 2012"]
[Black "Neill Rodriguez, John"]
[Result "1-0"]
[WhiteElo "1483"]
[BlackElo "1554"]
[PlyCount "85"]
[GameId "2155514613616926"]
[EventDate "2025.01.30"]
[EventType "swiss"]
[EventRounds "9"]
[EventCountry "ESP"]

1. Nf3 d5 2. d4 Nf6 3. e3 c5 4. b3 cxd4 5. exd4 Bf5 6. Bb2 e6 7. Bd3 Bxd3 8. Qxd3 Nc6 9. O-O a6 10. a3 Bd6 11. Ne5 Qb6 12. Nd2 Qc7 13. f4 O-O 14. h3 Nd7 15. g4 f6 16. Nxd7 Qxd7 17. Rae1 Rae8 18. Rf3 b5 19. b4 Bc7 20. Ref1 h6 21. Nb3 Nd8 22. Nc5 Qc6 23. h4 f5 24. g5 h5 25. g6 e5 26. dxe5 Qxg6+ 27. Rg3 Qc6 28. e6 Re7 29. Rg6 Bb6 30. Bd4 Kh7 31. Qg3 Nxe6 32. Rxe6 Qc7 33. Qg6+ Kg8 34. Rxb6 Rff7 35. Rxa6 Qc8 36. Re6 Re8 37. Rfe1 Rxe6 38. Rxe6 Qd8 39. Qxh5 Re7 40. Qg6 Rxe6 41. Qxe6+ Kh8 42. Qd7 Qf8 43. Ne6 1-0